000 00704nam a2200193 a 4500
005 20210223124306.0
008 010725s2000 r 000 0 eng d
020 _a9213216084
035 _aUPN01000110067
049 _aCG
050 4 _aHC125
_bC4.6
245 0 3 _aLa CEPAL en sus 50 años :
_bnotas de un seminario conmemorativo /
_cComisión Económica para América Latina y el Caribe.
260 _aChile :
_bCEPAL,
_c2000.
300 _a149 p.
440 0 _aLibros CEPAL ;
_v54
610 1 4 _aNACIONES UNIDAS.
_bCOMISION ECONOMICA PARA AMERICA LATINA Y EL CARIBE -
_xHISTORIA -
_vCONGRESOS
_918392
710 2 _aNaciones Unidas.
_bComisión Económica para América Latina y el Caribe
905 _aLibro
999 _c83976
_d83976